[Event "Bhubaneswar op-A 15th"]
[Site "Bhubaneswar"]
[Date "2024.12.02"]
[Round "1"]
[White "Fedorov, Alexei"]
[Black "Yashad, Bambeshwar"]
[Result "1-0"]
[WhiteElo "2385"]
[BlackElo "1941"]
[PlyCount "51"]
[EventDate "2024.12.02"]
[EventType "swiss"]
[EventRounds "10"]
[EventCountry "IND"]
[SourceTitle "CB50_2024"]
[SourceDate "2024.11.01"]
[SourceVersion "1"]
[SourceVersionDate "2024.11.01"]
[SourceQuality "2"]

1. e4 c5 2. Nf3 Nc6 3. Nc3 e5 4. Bc4 Be7 5. d3 d6 6. 0-0 Nf6 7. h3 0-0 8. a3 h6 9. Rb1 a6 10. Ba2 Be6 11. Nd5 Re8 12. b4 cxb4 13. axb4 Bf8 14. c4 a5 15. bxa5 Rxa5 16. Qc2 Bxd5 17. cxd5 Qa8 18. Bc4 Na7 19. Bd2 Rc5 20. Be3 Ra5 21. Qc3 Nc8 22. Rxb7 Qxb7 23. Qxa5 Be7 24. Qa6 Qb2 25. Nd2 Nd7 26. Bb5 1-0